Statistics for Percy Jackson Last Words

Click here to take the quiz!

General Stats

  • This quiz has been taken 164 times
  • The average score is 8 of 19

Answer Stats

Hint Answer % Correct
LUKE CASTELLAN IS DEAD! HIS LIFE WILL MELT AWAY AS I ASSUME MY TRUE FORM!Kronos
94%
Spread the news, Grover, and you are a lord of the wildPan
86%
Stars.Zoe Nightshade
83%
See Charlie...Silena Bearegard
83%
Me, Ethan, all the unnamed, dont let it, dont let it happen again.Luke Castellan
82%
It's the only one he doesn't have.Bianca di Angelo
77%
If they just... had thrones...Ethan Nakamura
73%
Ten dollars off a water bed? Discount on.....Crusty
47%
GO!Charles Beckendorf
46%
Die, little hero.Medusa
27%
Nico, if you will?Daedalus
24%
But... they told mr you couldnt shoot..Geryon
23%
Percy, use your powers!Michael Yew
22%
NO I AM THE HOST OF THE ARENA!Antaeus
10%
True hero . True...Leneus
9%
ROOOAR!Dr. Thorn
7%
Brother!Agrius
3%
Yum!Oreius
3%
HAHAHAHA!Tammi
1%

Score Distribution

Percentile by Number Answered

Percent of People with Each Score

Your Score History

You have not taken this quiz